Criminal - Britney Spears - All Lyrics - Statistics

General Stats
  • This quiz has been taken 349 times
  • The average score is 273 of 328
Answer Stats
Answer % Correct
a
100%
I
100%
is
99%
love
99%
(Love
99%
with
99%
criminal
98%
I'm
98%
in
98%
And
97%
and
97%
don't
97%
He
97%
he
97%
mama,
97%
Mama,
97%
be
95%
please
95%
cry,
94%
it's
94%
It's
94%
this
93%
just
92%
will
92%
alright
91%
can't
91%
go,
91%
go)
91%
he's
91%
He’s
91%
the
91%
The
91%
all
90%
All
90%
But
90%
but
90%
(But
90%
no
90%
no)
90%
of
90%
physical
88%
rational,
88%
rational
88%
guy
87%
guy)
87%
type
87%
hear
85%
hear,
85%
isn't
85%
know
85%
know,
85%
deny,
84%
(Oh,
84%
oh)
84%
Oh, oh
84%
at
82%
good
82%
heart
81%
me
80%
my
78%
to
78%
gun,
77%
gun
77%
ain't
76%
on
76%
boy
74%
got
74%
should
72%
(Should
72%
you
72%
even
71%
’Cause
70%
'Cause
70%
bad
69%
bum,
65%
bum
65%
tainted
65%
smart
64%
his
63%
for
62%
reason
62%
away
61%
aside,
60%
aside
60%
loser,
60%
let
59%
people
59%
(People
59%
So
59%
stay
59%
care
57%
name
57%
fun,
56%
fun
56%
lies,
54%
said
54%
talk
54%
talk)
54%
told
54%
hustler,
53%
killer
53%
tattooed
53%
arm,
51%
charm
50%
lucky
50%
okay,
50%
sucker
50%
by
49%
unreliable
48%
none,
47%
none
47%
dog
46%
Try
46%
us
46%
devil's
45%
guess
45%
make
44%
astray
42%
apart
37%
keep
35%
bluffs,
34%
law
34%
unpredictable
34%
villain
33%
man's
28%
conscience,
27%
snitch
26%
remarks,
22%
No matching quizzes found
Score Distribution
Percent of People with Each Score
Percentile by Number Answered
Your Score History
You have not taken this quiz